000 00981nam a2200229Ia 4500
999 _c55900
_d55900
001 22998
003 GE_BSU
005 20230623101242.0
008 181216s1955||||ge |||||||||||||| ||geo||
040 _cGE_BSU
041 _ageo
080 _a821.353.1-84(038) ს-36
100 _aსახოკია, თედო
_93401
245 _aქართული ხატოვანი სიტყვა-თქმანი. ტ. 3 : ქ - ჯ /
_cთედო სახოკია ; გიორგი ჩიტაიას რედაქციით.
264 _aთბილისი :
_bსახელგამი,
_c1955.
300 _a244 გვ. ;
_c27 სმ.
541 _h2 ლ. 40თ.
653 _aქართული ენა
653 _aქართული ხატოვანი სიტყვა-თქმანი. ტ. 3 : ქ - ჯ
700 _aჩიტაია, გიორგი
_eრედაქტორი
_918915
942 _cBK
_2udc